Statistics for Minecraft: Redstone Dust Crafting Recipes

Click here to take the quiz!

General Stats

  • This quiz has been taken 44 times
  • The average score is 12 of 14

Answer Stats

RecipeAnswer% Correct
1x Redstone Dust + 1x StickRedstone Torch
100%
9x Redstone DustBlock of Redstone
97%
1x Redstone Dust + 1x Bow + 7x CobblestoneDispenser
94%
4x Redstone Dust + 1x GlowstoneRedstone Lamp
91%
1x Redstone Dust + 7x CobblestoneDropper
88%
1x Redstone Dust + 4x Cobblestone + 1x Iron Ingot + 3x PlanksPiston
88%
1x Redstone Dust + 3x Stone + 2x Redstone TorchRedstone Repeater
88%
4x Redstone Dust + 1x Hay BaleTarget
81%
1x Redstone Dust + 4x Gold IngotClock
78%
1x Redstone Dust + 6x Gold Ingot + 1x StickPowered Rail
78%
1x Redstone Dust + 4x Iron IngotCompass
75%
1x Redstone Dust + 8x PlanksNote Block
72%
2x Redstone Dust + 6x Cobblestone + 2x Nether QuartzObserver
72%
1x Redstone Dust + 6x Iron Ingot + 1x Stone Pressure PlateDetector Rail
59%

Score Distribution

Percentile by Number Answered

Percent of People with Each Score

Your Score History

You have not taken this quiz